000
00218 a2200097 4500
001
30952
100
_a
Modudi
245
_a
Safar Nama: Arz-ul-Quran
260
_a
Lahore
_b
Islamic publication
_c
090
_c
20843
_d
20843
942
_a
NUST-CAE
_c
M
_c
12051
999
_c
266025
_d
266025